Of mind and murder (Registro nro. 311175)

Detalles MARC
000 -ENCABEZADO
Número de control [NR] 01783cam a2200241 i 4500
005 - FECHA Y HORA DE LA ÚLTIMA TRANSACCIÓN
control field 20181212141127.0
008 - DE LONGITUD FIJA DE DATOS DE ELEMENTOS - INFORMACIÓN GENERAL
Elementos de longitud fija [NR] 180301s2018 nyu b 001 0 eng
020 ## - NUMERO INTERNACIONAL NORMALIZADO PARA LIBROS [R]
Número Internacional Normalizado del libro [NR] 9780190638238
040 ## - FUENTE DE CATALOGACION [NR]
Agencia de catalogación original [NR] CO-BoUCM
Idioma de catalogación [NR] spa
Quien Cataloga Doris Forero
Quien Clasifica Doris Forero
041 ## - CODIGO DE IDIOMA [R]
Código de idioma para texto/pista de sonido o título separado [R] Inglés
100 1# - ASIENTO PRINCIPAL--NOMBRE PERSONAL [NR]
Nombre personal [NR] Mastroianni, George
ID Autoridad 95004
245 10 - MENCION DE TITULO [NR]
Título [NR] Of mind and murder
Parte restante del título [NR] toward a more comprehensive psychology of the Holocaust
Mención de responsabilidad, etc. [NR] George R. Mastroianni
260 ## - PUBLICACION, DISTRIBUCION, ETC. (PIE DE IMPRENTA) [R]
Lugar de publicación, distribución, etc. [R] New York
Nombre del editor, distribuidor, etc. [R] Oxford
Fecha de publicación, distribución, etc. [R] 2019
300 ## - DESCRIPCION FISICA [R]
Extensión [R] xxxi, 418 páginas
505 0# - NOTA DE CONTENIDO CON FORMATO PREESTABLECIDO [R]
Nota de contenido con formato preestablecido [NR] Chapter 1: What was the Holocaust? -- Chapter 2: The Holocaust: a brief history of psychological explanation -- Chapter 3: Matters of method: issues and problems in the psychological study of the Holocaust -- Chapter 4: Clinical/abnormal perspectives -- Chapter 5: Personality -- Chapter 6: Learning and conditioning -- Chapter 7: Cognition and memory -- Chapter 8: Age and development -- Chapter 9: Social psychology -- Chapter 10: In the aftermath -- Chapter 11: Psychology, context, and the risk of genocide: Japanese evacuation and confinement -- Chapter 12: The psychology of the Holocaust in perspective.
520 ## - NOTA DE RESUMEN, ETC. [R]
Nota de sumario, etc. [NR] "Of Mind and Murder traces the history of psychological attempts to understand the Holocaust and critically assesses the existing literature. As the dominance of the situationist interpretation of the psychology of the Holocaust popularized by Milgram wanes, Of Mind and Murder suggests some possible paths forward to a new psychology of the Holocaust"--
650 #7 - ASIENTO SECUNDARIO DE MATERIA - TERMINO TEMATICO [R]
Término temático o nombre geográfico como elemento de entrada [NR] Holocausto judío, 1939-1945
9 (RLIN) 16984
650 #7 - ASIENTO SECUNDARIO DE MATERIA - TERMINO TEMATICO [R]
Término temático o nombre geográfico como elemento de entrada [NR] Aspectos psicológicos
9 (RLIN) 9681
650 #7 - ASIENTO SECUNDARIO DE MATERIA - TERMINO TEMATICO [R]
Término temático o nombre geográfico como elemento de entrada [NR] Holocausto
Subdivisión general [R] Historia
9 (RLIN) 16981
650 #7 - ASIENTO SECUNDARIO DE MATERIA - TERMINO TEMATICO [R]
Término temático o nombre geográfico como elemento de entrada [NR] Holocausto
Subdivisión general [R] Pensamiento psicológico
9 (RLIN) 16981
942 ## - ELEMENTOS DE ENTRADA AGREGADOS (KOHA)
Sistema de clasificación DEWEY
Tema principal Historia
Tipo de ítem principal el descrito en 300a Libro
Edición 1
Clasificación 940.53
Parte restante de la signatura top. M423
Existencias
Fecha de último préstamo Total préstamos Total Renewals Signatura topográfica Código de barras Última vez visto Ejemplar Costo de reposición Price effective from Tipo de ítem Perdido Sistema de clasificación Dañado No prestable Tipo de ítem específico Suprimido Ubicación habitual Ubicación actual Localización Fecha de creación Proveedor Forma de adquisición Costo
29/01/2020 2 3 940.53 M423 100158903 09/12/2025 Ej.1 242000.00 06/12/2018 Libro   DEWEY     Libro   Claustro Claustro 2do piso 06/12/2018 111 Compra 242000.00